[Event "CAN-ch"]
[Site "Montreal CAN"]
[Date "2012.08.06"]
[Round "4"]
[White "Zhu, Hong Rui"]
[Black "Ber, Yves"]
[Result "1-0"]
[WhiteElo "2029"]
[BlackElo "2114"]
[PlyCount "85"]
[GameId "2160767909441694"]
[EventDate "2012.08.04"]
[EventType "swiss"]
[EventRounds "9"]
[EventCountry "CAN"]
[SourceTitle "hb 2012"]

1. e4 d6 2. d4 Nf6 3. Nc3 g6 4. Nf3 Bg7 5. Be2 Bg4 6. O-O Nc6 7. Be3 O-O 8. a3 a6 9. h3 Bd7 10. Qd2 b5 11. Rfd1 Qc8 12. Kh2 Rd8 13. Qc1 Na5 14. b4 Nb7 15. e5 Ne8 16. Nd5 Bf8 17. Bg5 f6 18. exf6 exf6 19. Nxf6+ Nxf6 20. Bxf6 Re8 21. Bd3 Bf5 22. Qd2 Qe6 23. Bh4 Bxd3 24. Qxd3 Bg7 25. Rab1 Qd5 26. Rbc1 Qc4 27. c3 Qxd3 28. Rxd3 d5 29. Bg3 c6 30. Re1 Rxe1 31. Nxe1 Bh6 32. Nc2 Re8 33. Be5 Nd8 34. f4 Ne6 35. Rf3 Rf8 36. Kg3 Ng7 37. Bxg7 Kxg7 38. Kg4 Kf6 39. Re3 Bg7 40. h4 h5+ 41. Kf3 Kf5 42. Re7 Bf6 43. Ne3# 1-0

[Event "CAN-ch"]
[Site "Montreal CAN"]
[Date "2012.08.07"]
[Round "5"]
[White "Ber, Yves"]
[Black "Leutschaft, Martin"]
[Result "1/2-1/2"]
[WhiteElo "2114"]
[BlackElo "2143"]
[PlyCount "89"]
[GameId "2160767909441695"]
[EventDate "2012.08.04"]
[EventType "swiss"]
[EventRounds "9"]
[EventCountry "CAN"]

1. Nf3 Nf6 2. d4 d5 3. c4 c6 4. Nc3 a6 5. cxd5 cxd5 6. Bf4 Nc6 7. e3 Nh5 8. Bg3 g6 9. Qb3 Nxg3 10. hxg3 e6 11. Bd3 f5 12. Rc1 Qa5 13. a3 b5 14. Ke2 Bb7 15. Ng5 Nd8 16. Nxh7 Be7 17. g4 Rc8 18. gxf5 gxf5 19. g4 fxg4 20. Bg6+ Kd7 21. Rcg1 Nc6 22. Rxg4 b4 23. Na2 Rhg8 24. axb4 Qb6 25. Kf1 a5 26. b5 Na7 27. Nc3 Ba6 28. Kg2 Bxb5 29. Ne2 a4 30. Qd1 Qa6 31. Nf4 Nc6 32. Qf3 Nd8 33. Bb1 Rxg4+ 34. Qxg4 Kc7 35. Ng5 Bxg5 36. Qxg5 Kb8 37. Rh7 Qd6 38. Qg7 Rc7 39. Qxc7+ Qxc7 40. Rxc7 Kxc7 41. Bd3 Bd7 42. Kf1 Kb6 43. Ke1 Ka5 44. Kd2 Kb4 45. Kc2 1/2-1/2

[Event "CAN-ch"]
[Site "Montreal CAN"]
[Date "2012.08.07"]
[Round "5"]
[White "Cardin, Guillaume"]
[Black "Luo, Zhao Yang"]
[Result "0-1"]
[WhiteElo "1790"]
[BlackElo "1991"]
[PlyCount "69"]
[GameId "2160767909441696"]
[EventDate "2012.08.04"]
[EventType "swiss"]
[EventRounds "9"]
[EventCountry "CAN"]

1. d4 Nf6 2. c4 g6 3. Nc3 Bg7 4. e4 d6 5. Bd3 O-O 6. Nge2 e5 7. d5 Nbd7 8. Rb1 Nh5 9. O-O f5 10. exf5 gxf5 11. Ng3 Nxg3 12. fxg3 e4 13. Bc2 a5 14. Be3 Ne5 15. c5 Nc4 16. Bf4 dxc5 17. Qh5 Bd7 18. g4 Be8 19. Qh3 Bg6 20. Nb5 Rc8 21. Bb3 Nd6 22. Bxd6 cxd6 23. gxf5 Be8 24. Nc3 Qf6 25. Rbe1 Bd7 26. Nxe4 Qd4+ 27. Kh1 c4 28. Bc2 Qxd5 29. Ng5 h6 30. Ne6 Bxe6 31. Rxe6 Qxe6 32. Qg4 Qf6 33. Re1 Rce8 34. Be4 Kh8 35. h3 0-1

[Event "CAN-ch"]
[Site "Montreal CAN"]
[Date "2012.08.07"]
[Round "5"]
[White "Chabot, Roland"]
[Black "Gusev, Nikita"]
[Result "1/2-1/2"]
[WhiteElo "2231"]
[BlackElo "2117"]
[PlyCount "113"]
[GameId "2160767909441697"]
[EventDate "2012.08.04"]
[EventType "swiss"]
[EventRounds "9"]
[EventCountry "CAN"]
[SourceTitle "EXT 2022"]
[Source "ChessBase"]
[SourceDate "2021.10.06"]
[SourceVersion "1"]
[SourceVersionDate "2021.10.06"]
[SourceQuality "1"]

1. d4 Nf6 2. c4 e6 3. Nc3 Bb4 4. e3 O-O 5. Nge2 d5 6. a3 Be7 7. cxd5 exd5 8. Nf4 Re8 9. Bd3 c6 10. O-O Nbd7 11. f3 Nf8 12. b4 Ng6 13. Nxg6 hxg6 14. Bd2 g5 15. g4 g6 16. Kg2 Kg7 17. Rh1 b6 18. h3 Bb7 19. Rb1 Qd7 20. a4 Bd8 21. Ne2 Bc7 22. a5 Rac8 23. a6 Ba8 24. Qe1 Bd6 25. Qf2 c5 26. b5 cxd4 27. Nxd4 Be5 28. Rb4 Ne4 29. fxe4 dxe4 30. Bc4 Bxd4 31. Qxf7+ Qxf7 32. Bxf7 Bxe3 33. Bxe3 Kxf7 34. Rf1+ Ke6 35. Bxg5 Rf8 36. Rbb1 Bd5 37. Be3 Bc4 38. Rf4 Bd3 39. Rb4 Rxf4 40. Bxf4 Kd5 41. Be3 Rf8 42. Rd4+ Ke6 43. h4 Bxb5 44. Rxe4+ Kd7 45. Re5 Bxa6 46. h5 gxh5 47. gxh5 Re8 48. Rxe8 Kxe8 49. h6 Bd3 50. Kf2 Kd7 51. Ke1 Kc6 52. Kd2 Bh7 53. Kc3 Kb7 54. Kb4 a5+ 55. Kb5 Bd3+ 56. Ka4 Kc6 57. Bxb6 1/2-1/2

[Event "CAN-ch"]
[Site "Montreal CAN"]
[Date "2012.08.07"]
[Round "5"]
[White "Filipovich, David"]
[Black "Milicevic, Goran"]
[Result "0-1"]
[WhiteElo "2091"]
[BlackElo "2287"]
[PlyCount "72"]
[GameId "2160767909441698"]
[EventDate "2012.08.04"]
[EventType "swiss"]
[EventRounds "9"]
[EventCountry "CAN"]

1. Nf3 d5 2. g3 Nf6 3. Bg2 c5 4. c4 d4 5. b4 a5 6. bxc5 Nc6 7. Bb2 e5 8. O-O Bxc5 9. e3 O-O 10. exd4 exd4 11. d3 Qb6 12. Ba3 a4 13. Re1 Bg4 14. Qc1 Nb4 15. Bxb4 Bxb4 16. Nbd2 Rfe8 17. Rb1 Qa5 18. Rxe8+ Rxe8 19. a3 Bc3 20. Rxb7 Qf5 21. Qb1 g6 22. Nh4 Qc5 23. Ne4 Nxe4 24. Bxe4 Qxa3 25. Qb5 Rxe4 26. dxe4 d3 27. Qd5 Be6 28. Qxd3 Qc1+ 29. Kg2 a3 30. Rb3 Bb2 31. e5 Kg7 32. Qf3 Qxc4 33. Qf6+ Kh6 34. Nf3 Qg4 35. h4 Bxb3 36. Qe7 Bd5 0-1

[Event "CAN-ch"]
[Site "Montreal CAN"]
[Date "2012.08.07"]
[Round "5"]
[White "Gerzhoy, Leonid"]
[Black "Pechenkin, Vladimir"]
[Result "1/2-1/2"]
[WhiteElo "2448"]
[BlackElo "2334"]
[PlyCount "39"]
[GameId "2160767909441699"]
[EventDate "2012.08.04"]
[EventType "swiss"]
[EventRounds "9"]
[EventCountry "CAN"]
[SourceTitle "CBM 149 Extra"]
[Source "ChessBase"]
[SourceDate "2012.08.24"]
[SourceVersion "1"]
[SourceVersionDate "2012.08.24"]
[SourceQuality "1"]

1. d4 f5 2. c3 Nf6 3. Bg5 e6 4. Nd2 Be7 5. Ngf3 O-O 6. Qc2 c5 7. dxc5 Bxc5 8. e4 h6 9. Bxf6 Qxf6 10. exf5 d5 11. fxe6 Nc6 12. Nb3 Bb6 13. Be2 Bxe6 14. O-O Bf5 15. Qd2 Be4 16. Nfd4 Kh8 17. Bf3 Nxd4 18. Nxd4 Bxd4 19. Bxe4 Bxc3 20. bxc3 1/2-1/2

[Event "CAN-ch"]
[Site "Montreal CAN"]
[Date "2012.08.07"]
[Round "5"]
[White "Hamilton, Robert"]
[Black "Kraiouchkine, Nikita"]
[Result "0-1"]
[WhiteElo "2305"]
[BlackElo "2204"]
[PlyCount "66"]
[GameId "2160767909441700"]
[EventDate "2012.08.04"]
[EventType "swiss"]
[EventRounds "9"]
[EventCountry "CAN"]
[SourceTitle "CBM 149 Extra"]
[Source "ChessBase"]
[SourceDate "2012.08.24"]
[SourceVersion "1"]
[SourceVersionDate "2012.08.24"]
[SourceQuality "1"]

1. c4 e6 2. d4 b6 3. Nf3 Bb7 4. Bf4 Nf6 5. e3 Be7 6. Nc3 Nh5 7. Bg3 Nxg3 8. hxg3 d5 9. cxd5 exd5 10. Qa4+ c6 11. O-O-O Nd7 12. Bd3 g6 13. e4 b5 14. Qc2 b4 15. Ne2 a5 16. Nf4 Qb6 17. Qe2 O-O-O 18. exd5 Bd6 19. dxc6 Bxc6 20. Kb1 Kb8 21. Bc4 Rde8 22. Ne5 Nxe5 23. dxe5 Bxe5 24. Nd5 Qc5 25. Qd3 Qxf2 26. Rd2 Qxg3 27. Qf1 Qg5 28. Rf2 Bd4 29. Rf4 Qe5 30. Qc1 Bxd5 31. Bxd5 Qxd5 32. Rd1 Re4 33. Rxe4 Qxe4+ 0-1

[Event "CAN-ch"]
[Site "Montreal CAN"]
[Date "2012.08.07"]
[Round "5"]
[White "Humphreys, Michael"]
[Black "Anastasovski, Nikola"]
[Result "1-0"]
[WhiteElo "2179"]
[BlackElo "2070"]
[PlyCount "107"]
[GameId "2160767909441701"]
[EventDate "2012.08.04"]
[EventType "swiss"]
[EventRounds "9"]
[EventCountry "CAN"]
[SourceTitle "CBM 149 Extra"]
[Source "ChessBase"]
[SourceDate "2012.08.24"]
[SourceVersion "1"]
[SourceVersionDate "2012.08.24"]
[SourceQuality "1"]

1. Nf3 c5 2. c4 Nc6 3. g3 e5 4. Nc3 g6 5. Bg2 Bg7 6. a3 d6 7. O-O Be6 8. d3 h6 9. Rb1 f5 10. e4 Qd7 11. Nh4 Nge7 12. exf5 gxf5 13. Nd5 O-O 14. b4 Bxd5 15. cxd5 Nd4 16. Qh5 Rf6 17. bxc5 dxc5 18. d6 Nec6 19. f4 Re8 20. Rxb7 Qe6 21. Rc7 Rd8 22. Bxc6 Qxd6 23. Rxg7+ Kxg7 24. Bg2 Rb8 25. Kh1 Rb1 26. fxe5 Qxe5 27. Bxh6+ Rxh6 28. Qg5+ Kf7 29. Rxb1 Rb6 30. Qh5+ Kg7 31. Qg5+ Kf7 32. Rf1 Qf6 33. Bd5+ Ke7 34. Re1+ Kd7 35. Qxf6 Rxf6 36. Bc4 f4 37. Rf1 f3 38. Bd5 f2 39. Bf3 Ra6 40. Rxf2 Rxa3 41. Be4 a5 42. Rf7+ Ke6 43. Ra7 Ra2 44. Ra6+ Kd7 45. Nf3 Nc2 46. Ne5+ Ke8 47. Ra7 Nb4 48. h4 a4 49. h5 a3 50. h6 Ra1+ 51. Kh2 a2 52. h7 Rh1+ 53. Kxh1 a1=Q+ 54. Rxa1 1-0

[Event "CAN-ch"]
[Site "Montreal CAN"]
[Date "2012.08.07"]
[Round "5"]
[White "Itkin, David"]
[Black "Bolduc, Steve"]
[Result "1-0"]
[WhiteElo "2058"]
[BlackElo "2229"]
[PlyCount "91"]
[GameId "2160767909441702"]
[EventDate "2012.08.04"]
[EventType "swiss"]
[EventRounds "9"]
[EventCountry "CAN"]
[SourceTitle "CBM 149 Extra"]
[Source "ChessBase"]
[SourceDate "2012.08.24"]
[SourceVersion "1"]
[SourceVersionDate "2012.08.24"]
[SourceQuality "1"]

1. e4 e6 2. d4 d5 3. Nc3 Bb4 4. exd5 exd5 5. Bd3 Nc6 6. a3 Bxc3+ 7. bxc3 Nge7 8. Qf3 Be6 9. Rb1 Nc8 10. Rxb7 Nd6 11. Rb1 O-O 12. Ne2 Na5 13. O-O Re8 14. Nf4 c6 15. Nh5 Qh4 16. h3 Ne4 17. Nf4 Ng5 18. Qg3 Qxg3 19. fxg3 Ne4 20. Bxe4 dxe4 21. Nxe6 Rxe6 22. Re1 f5 23. Bf4 Re7 24. Kf2 Kf7 25. Rb4 h6 26. h4 Ke6 27. g4 Kd5 28. gxf5 Rf7 29. Ra4 Nc4 30. g4 h5 31. Rb1 a5 32. Rbb4 e3+ 33. Ke2 axb4 34. Rxa8 bxa3 35. Kd3 Rd7 36. gxh5 e2 37. Kxe2 Rf7 38. Bc1 Rxf5 39. Bxa3 Rxh5 40. Be7 Rh6 41. Kf3 Nd2+ 42. Kg4 Re6 43. Ra5+ Ke4 44. Bg5 Nc4 45. Rc5 Na3 46. Bf4 1-0

[Event "CAN-ch"]
[Site "Montreal CAN"]
[Date "2012.08.07"]
[Round "5"]
[White "Jiang, Louie"]
[Black "Preotu, Razvan"]
[Result "1-0"]
[WhiteElo "2337"]
[BlackElo "2080"]
[PlyCount "65"]
[GameId "2160767909441703"]
[EventDate "2012.08.04"]
[EventType "swiss"]
[EventRounds "9"]
[EventCountry "CAN"]
[SourceTitle "CBM 149 Extra"]
[Source "ChessBase"]
[SourceDate "2012.08.24"]
[SourceVersion "1"]
[SourceVersionDate "2012.08.24"]
[SourceQuality "1"]

1. e4 c5 2. Nf3 Nc6 3. d4 cxd4 4. Nxd4 Nf6 5. Nc3 e5 6. Nde2 Bc5 7. Ng3 d6 8. Be2 Be6 9. O-O d5 10. Nh5 d4 11. Nxg7+ Ke7 12. Na4 Bd6 13. f4 Qa5 14. fxe5 Bxe5 15. b3 Nxe4 16. Nxe6 fxe6 17. Bd3 Nc3 18. Nxc3 Qxc3 19. Qh5 Raf8 20. Bh6 Rxf1+ 21. Rxf1 Kd7 22. Qf7+ Kc8 23. Qxe6+ Kb8 24. Be4 Bc7 25. Qc4 Qxc4 26. bxc4 Ne5 27. h3 Nxc4 28. g4 Bb6 29. Kh1 Nd6 30. Bd3 Ka8 31. Kg2 Re8 32. Rf8 Rxf8 33. Bxf8 1-0

[Event "CAN-ch"]
[Site "Montreal CAN"]
[Date "2012.08.07"]
[Round "5"]
[White "Khassanov, Marat"]
[Black "Larochelle, Martial"]
[Result "1/2-1/2"]
[WhiteElo "2273"]
[BlackElo "2153"]
[PlyCount "137"]
[GameId "2160767909441704"]
[EventDate "2012.08.04"]
[EventType "swiss"]
[EventRounds "9"]
[EventCountry "CAN"]
[SourceTitle "CBM 149 Extra"]
[Source "ChessBase"]
[SourceDate "2012.08.24"]
[SourceVersion "1"]
[SourceVersionDate "2012.08.24"]
[SourceQuality "1"]

1. e4 e5 2. Nf3 Nc6 3. Bc4 Bc5 4. c3 Nf6 5. d3 O-O 6. O-O d5 7. exd5 Nxd5 8. h3 a6 9. Re1 Re8 10. d4 Be7 11. dxe5 Be6 12. Nbd2 Nf4 13. Qc2 Qc8 14. Bxe6 Qxe6 15. Nb3 Ng6 16. Nbd4 Nxd4 17. cxd4 c6 18. Bd2 Rad8 19. b3 Rd5 20. Re4 h6 21. Rae1 Red8 22. Bc1 R8d7 23. Bb2 Nf8 24. Rg4 Rd8 25. Qc1 Ng6 26. Qc2 Rc8 27. Qe2 Rcd8 28. Kh2 Kh8 29. Re4 Nf8 30. Kg1 Kg8 31. Bc3 Qd7 32. h4 Ne6 33. g3 Bf8 34. Kg2 Be7 35. Qb2 Bf8 36. Qa1 Be7 37. Qc1 Bf8 38. Qb2 Be7 39. R1e2 Bf8 40. Rd2 a5 41. a3 Ra8 42. Re1 Nf4+ 43. Kg1 Qh3 44. gxf4 Qxf3 45. Qc2 Qxf4 46. Re4 Qf5 47. a4 Re8 48. Qd3 Re6 49. f3 Rg6+ 50. Rg2 Be7 51. Qe3 Rxg2+ 52. Kxg2 Qe6 53. Qe1 Bd8 54. h5 Rd7 55. Bxa5 Bxa5 56. Qxa5 Qxb3 57. Qa8+ Kh7 58. e6 Re7 59. Qf8 Rxe6 60. Qxf7 Qb2+ 61. Kg3 Rf6 62. Qd7 Qc1 63. Kg2 Qd2+ 64. Kg3 Qd1 65. Qg4 Qg1+ 66. Kh3 Qh1+ 67. Kg3 Qg1+ 68. Kh3 Qh1+ 69. Kg3 1/2-1/2

[Event "CAN-ch"]
[Site "Montreal CAN"]
[Date "2012.08.07"]
[Round "5"]
[White "Masse, Hugues"]
[Black "Wang, Richard"]
[Result "0-1"]
[WhiteElo "2232"]
[BlackElo "2338"]
[PlyCount "112"]
[GameId "2160767909441705"]
[EventDate "2012.08.04"]
[EventType "swiss"]
[EventRounds "9"]
[EventCountry "CAN"]
[SourceTitle "CBM 149 Extra"]
[Source "ChessBase"]
[SourceDate "2012.08.24"]
[SourceVersion "1"]
[SourceVersionDate "2012.08.24"]
[SourceQuality "1"]

1. d4 d5 2. c4 c6 3. Nf3 Nf6 4. e3 Bf5 5. Nc3 e6 6. Nh4 Bg6 7. Be2 Nbd7 8. O-O dxc4 9. Nxg6 hxg6 10. Bxc4 Bd6 11. h3 Qe7 12. e4 e5 13. d5 Nb6 14. dxc6 bxc6 15. Bb3 Nfd7 16. a3 Nc5 17. Ba2 Ne6 18. Be3 O-O-O 19. Qg4 Rde8 20. a4 Kb8 21. Bxe6 Qxe6 22. Qxe6 Rxe6 23. b3 f5 24. f3 Nd7 25. Rac1 Nf6 26. Rfd1 Kb7 27. Bf2 Be7 28. Rd3 Rd6 29. Rcd1 Rxd3 30. Rxd3 a5 31. Kf1 Kc7 32. Bg3 Bd6 33. Ke2 Nd7 34. Bf2 Rb8 35. Kd1 Bb4 36. exf5 gxf5 37. Kc2 Nf6 38. Bg3 Re8 39. Rd1 Re6 40. Na2 Nd5 41. Kd3 Bd6 42. Be1 e4+ 43. fxe4 fxe4+ 44. Ke2 Nf4+ 45. Kf1 Kb6 46. Nc3 Bb4 47. Ne2 Nd5 48. Bf2+ e3 49. Be1 Rf6+ 50. Kg1 Bxe1 51. Rxe1 Kc5 52. Rf1 Kb4 53. Rxf6 Nxf6 54. g4 Kxb3 55. Nd4+ Kc3 56. Nxc6 e2 0-1

[Event "CAN-ch"]
[Site "Montreal CAN"]
[Date "2012.08.07"]
[Round "5"]
[White "Oussedik, Elias"]
[Black "Carrier, Claude"]
[Result "0-1"]
[WhiteElo "2005"]
[BlackElo "2154"]
[PlyCount "76"]
[GameId "2160767909441706"]
[EventDate "2012.08.04"]
[EventType "swiss"]
[EventRounds "9"]
[EventCountry "CAN"]
[SourceTitle "CBM 149 Extra"]
[Source "ChessBase"]
[SourceDate "2012.08.24"]
[SourceVersion "1"]
[SourceVersionDate "2012.08.24"]
[SourceQuality "1"]

1. Nf3 d5 2. c4 d4 3. g3 c5 4. Bg2 Nc6 5. O-O e5 6. d3 Nf6 7. e3 Be7 8. exd4 exd4 9. Bg5 O-O 10. Na3 Bf5 11. Bxf6 Bxf6 12. Nc2 Re8 13. a3 Qb6 14. Rb1 Qb3 15. Nfe1 Ne5 16. f4 Nxd3 17. Rf3 Rxe1+ 18. Nxe1 Qxd1 19. Rxd1 Nxb2 20. Ra1 d3 21. Rf1 Nxc4 22. Ra2 Ne3 23. Rff2 Nxg2 24. Kxg2 c4 25. Kf3 c3 26. g4 d2 27. Rfxd2 cxd2 28. Rxd2 Bc3 29. Rd1 Bxe1 30. Rxe1 Bd7 31. f5 Bc6+ 32. Kf4 f6 33. Kg3 Re8 34. Rg1 Re3+ 35. Kh4 g5+ 36. fxg6 hxg6 37. Rd1 g5+ 38. Kh5 Be8+ 0-1

[Event "CAN-ch"]
[Site "Montreal CAN"]
[Date "2012.08.07"]
[Round "5"]
[White "Panjwani, Raja"]
[Black "Noritsyn, Nikolay"]
[Result "1-0"]
[WhiteElo "2394"]
[BlackElo "2472"]
[PlyCount "65"]
[GameId "2160767909441707"]
[EventDate "2012.08.04"]
[EventType "swiss"]
[EventRounds "9"]
[EventCountry "CAN"]
[SourceTitle "CBM 149 Extra"]
[Source "ChessBase"]
[SourceDate "2012.08.24"]
[SourceVersion "1"]
[SourceVersionDate "2012.08.24"]
[SourceQuality "1"]

1. d4 e6 2. e4 d5 3. e5 c5 4. Nf3 cxd4 5. Bd3 Nc6 6. O-O f5 7. Nbd2 Nh6 8. Nb3 Nf7 9. Nbxd4 Be7 10. Bb5 Bd7 11. c4 dxc4 12. Bxc4 Qc8 13. Qe2 O-O 14. Bd2 Nfd8 15. Nb5 Be8 16. Nd6 Bxd6 17. exd6 Bh5 18. Bc3 Kh8 19. Rfe1 e5 20. Qd2 Bxf3 21. gxf3 f4 22. d7 Qc7 23. Rad1 Rf5 24. Qd5 Nf7 25. Qe6 Nh6 26. Qe8+ Rf8 27. Bxe5 Nxe5 28. Rxe5 Qxc4 29. Qxa8 Rxa8 30. Re8+ Rxe8 31. dxe8=Q+ Ng8 32. b3 Qc6 33. Rd8 1-0

[Event "CAN-ch"]
[Site "Montreal CAN"]
[Date "2012.08.07"]
[Round "5"]
[White "Qin, Zi Yi (Joey)"]
[Black "Hebert, Jean"]
[Result "0-1"]
[WhiteElo "2198"]
[BlackElo "2410"]
[PlyCount "104"]
[GameId "2160767909441708"]
[EventDate "2012.08.04"]
[EventType "swiss"]
[EventRounds "9"]
[EventCountry "CAN"]

1. e4 e6 2. d4 d5 3. Nd2 Be7 4. Bd3 Nf6 5. e5 Nfd7 6. c3 c5 7. Ne2 b6 8. Nf4 Ba6 9. Bxa6 Nxa6 10. Qg4 g6 11. O-O Nc7 12. Re1 h5 13. Qh3 cxd4 14. cxd4 Qc8 15. Qf3 Qa6 16. a4 Rc8 17. Nd3 Nb8 18. b3 Nc6 19. Bb2 Nb4 20. Nxb4 Bxb4 21. Bc3 Be7 22. Re3 Kf8 23. b4 Ne8 24. Ree1 Ng7 25. Rec1 Nf5 26. b5 Qb7 27. Bb2 Kg7 28. Qd3 Bg5 29. g3 Bxd2 30. Qxd2 Rc4 31. h3 Rhc8 32. g4 hxg4 33. hxg4 Nh4 34. Ra3 Qe7 35. Rh3 g5 36. Rxc4 Rxc4 37. Ba3 Qd8 38. Bc1 Ng6 39. Qxg5 Qxg5 40. Bxg5 Rxd4 41. f4 Rxa4 42. Kf2 Kf8 43. Rc3 Ke8 44. Kf3 Kd7 45. Rc6 Rb4 46. Rd6+ Kc7 47. Rc6+ Kb8 48. Rd6 Rxb5 49. Rd7 a5 50. Rxf7 a4 51. Bf6 a3 52. f5 Rb3+ 0-1

[Event "CAN-ch"]
[Site "Montreal CAN"]
[Date "2012.08.07"]
[Round "5"]
[White "Robichaud, Louis"]
[Black "Zhu, Hong Rui"]
[Result "1/2-1/2"]
[WhiteElo "2100"]
[BlackElo "2029"]
[PlyCount "126"]
[GameId "2160767909441709"]
[EventDate "2012.08.04"]
[EventType "swiss"]
[EventRounds "9"]
[EventCountry "CAN"]
[SourceTitle "CBM 149 Extra"]
[Source "ChessBase"]
[SourceDate "2012.08.24"]
[SourceVersion "1"]
[SourceVersionDate "2012.08.24"]
[SourceQuality "1"]

1. e4 c5 2. Nc3 Nc6 3. g3 g6 4. Bg2 Bg7 5. d3 d6 6. f4 e6 7. Nf3 Nge7 8. O-O O-O 9. Be3 Nd4 10. e5 Nef5 11. Bf2 Nxf3+ 12. Qxf3 Nd4 13. Qd1 dxe5 14. fxe5 Bxe5 15. Ne4 Nf5 16. c3 c4 17. d4 Bg7 18. Qe2 Nd6 19. Nxd6 Qxd6 20. Qxc4 Bd7 21. Qe2 Bc6 22. Bxc6 Qxc6 23. c4 a6 24. Rac1 Rfd8 25. Rfd1 h5 26. d5 exd5 27. cxd5 Qd7 28. d6 Rac8 29. Rxc8 Rxc8 30. Qe7 Qxe7 31. dxe7 Bf6 32. Rd7 Re8 33. Bc5 b6 34. Ba3 h4 35. Kg2 hxg3 36. hxg3 Kg7 37. Kf3 Bg5 38. Rb7 a5 39. Bd6 f5 40. Be5+ Kf7 41. Rxb6 Rxe7 42. Bc3 Ra7 43. a4 Bd8 44. Rb5 Ke6 45. Re5+ Kf7 46. Rd5 Bf6 47. Bxf6 Kxf6 48. Rd6+ Kg5 49. Rd5 Ra6 50. Rb5 Ra7 51. g4 Ra6 52. gxf5 gxf5 53. Rb8 Ra7 54. b3 Ra6 55. Rg8+ Kf6 56. Kf4 Rb6 57. Rf8+ Ke6 58. Rxf5 Rb4+ 59. Kg5 Rxb3 60. Rxa5 Rb4 61. Ra6+ Kd7 62. Kf5 Kc7 63. Ke5 Kb7 1/2-1/2

[Event "CAN-ch"]
[Site "Montreal CAN"]
[Date "2012.08.07"]
[Round "5"]
[White "Song, Michael"]
[Black "Derraugh, Geordie"]
[Result "1-0"]
[WhiteElo "2154"]
[BlackElo "2097"]
[PlyCount "81"]
[GameId "2160767909441711"]
[EventDate "2012.08.04"]
[EventType "swiss"]
[EventRounds "9"]
[EventCountry "CAN"]
[SourceTitle "CBM 149 Extra"]
[Source "ChessBase"]
[SourceDate "2012.08.24"]
[SourceVersion "1"]
[SourceVersionDate "2012.08.24"]
[SourceQuality "1"]

1. d4 Nf6 2. c4 e5 3. dxe5 Ng4 4. Bf4 Nc6 5. Nf3 Bb4+ 6. Nbd2 Qe7 7. e3 Ngxe5 8. Nxe5 Nxe5 9. Be2 O-O 10. O-O Ng6 11. Bg3 Bd6 12. Bxd6 Qxd6 13. Ne4 Qe5 14. Nc3 d6 15. Qd2 c6 16. Rad1 Rd8 17. f4 Qa5 18. e4 f6 19. Kh1 Ne7 20. f5 Qe5 21. Rf3 d5 22. cxd5 cxd5 23. Bc4 Bxf5 24. Nxd5 Be6 25. Nxe7+ Kf7 26. Bxe6+ Qxe6 27. Nd5 Qxe4 28. Re3 Qg4 29. Re7+ Kf8 30. h3 Qa4 31. Rxb7 a5 32. Qe2 Kg8 33. Qh5 Kh8 34. b3 Qc6 35. Qf7 Rg8 36. Ne7 Qc2 37. Rd4 Raf8 38. Qc4 Qb1+ 39. Kh2 Rd8 40. Re4 g5 41. Ng6+ 1-0

[Event "CAN-ch"]
[Site "Montreal CAN"]
[Date "2012.08.07"]
[Round "5"]
[White "Upper, John"]
[Black "Chiku-Ratte, Olivier-Kenta"]
[Result "1-0"]
[WhiteElo "2036"]
[BlackElo "2107"]
[PlyCount "97"]
[GameId "2160767909441712"]
[EventDate "2012.08.04"]
[EventType "swiss"]
[EventRounds "9"]
[EventCountry "CAN"]
[SourceTitle "CBM 149 Extra"]
[Source "ChessBase"]
[SourceDate "2012.08.24"]
[SourceVersion "1"]
[SourceVersionDate "2012.08.24"]
[SourceQuality "1"]

1. d4 Nf6 2. c4 c5 3. d5 e6 4. Nc3 exd5 5. cxd5 d6 6. Nf3 g6 7. Bf4 a6 8. a4 Bg7 9. h3 O-O 10. e3 Re8 11. Nd2 Nbd7 12. Be2 Ne5 13. O-O Nfd7 14. Re1 Rb8 15. Bg3 f5 16. Qc2 Nf6 17. a5 Qc7 18. Qa4 Bd7 19. Qa2 Nf7 20. Rec1 Rbc8 21. Nc4 Ne4 22. Nxe4 Rxe4 23. Bd3 Ree8 24. Rab1 Bb5 25. Qa3 Bxc4 26. Rxc4 Be5 27. f4 Bg7 28. Bf2 Qd7 29. b4 Bf8 30. Qb3 Rc7 31. b5 axb5 32. Qxb5 Qe7 33. e4 fxe4 34. Rxe4 Qxe4 35. Bxe4 Rxe4 36. a6 bxa6 37. Qxa6 c4 38. Qb6 Rc8 39. Qa6 Rc7 40. Rb8 c3 41. Rc8 Ree7 42. Qa8 c2 43. Rxf8+ Kg7 44. Rg8+ Kf6 45. Qa1+ Kf5 46. Qc1 Re2 47. g4+ Kf6 48. Bh4+ Ng5 49. Qb2+ 1-0

[Event "CAN-ch"]
[Site "Montreal CAN"]
[Date "2012.08.08"]
[Round "6"]
[White "Anastasovski, Nikola"]
[Black "Robichaud, Louis"]
[Result "1/2-1/2"]
[WhiteElo "2070"]
[BlackElo "2100"]
[PlyCount "121"]
[GameId "2160767909441713"]
[EventDate "2012.08.04"]
[EventType "swiss"]
[EventRounds "9"]
[EventCountry "CAN"]
[SourceTitle "EXT 2022"]
[Source "ChessBase"]
[SourceDate "2021.10.06"]
[SourceVersion "1"]
[SourceVersionDate "2021.10.06"]
[SourceQuality "1"]

1. c4 Nf6 2. Nc3 g6 3. e4 d6 4. g3 Bg7 5. Bg2 O-O 6. d3 e5 7. h3 Nc6 8. Nge2 Be6 9. O-O Qd7 10. Kh2 Nh5 11. Be3 Nd4 12. f4 Nxe2 13. Qxe2 exf4 14. gxf4 f5 15. Rf2 Rae8 16. Raf1 c5 17. Nd5 Bxd5 18. cxd5 Nf6 19. Qc2 Nxd5 20. Qb3 Qf7 21. Bxc5 dxc5 22. exd5 b6 23. Qc4 Bd4 24. Rc2 Kg7 25. b4 Qe7 26. bxc5 bxc5 27. Qa6 Rf6 28. Qa5 Qd6 29. Qxa7+ Re7 30. Qa4 g5 31. Kh1 g4 32. Kh2 Rh6 33. Qc6 Qb8 34. d6 Rxd6 35. Qa8 Qxa8 36. Bxa8 Rh6 37. Bg2 Re3 38. Rb1 g3+ 39. Kh1 Rhe6 40. Bf1 Rf3 41. Kg2 Rxf4 42. Kxg3 Be5 43. Kg2 Rg6+ 44. Kh1 Ra4 45. Rxc5 Rg1+ 46. Kxg1 Bd4+ 47. Kh1 Bxc5 48. Rb2 Kf6 49. Rc2 Be3 50. Kg2 Ke5 51. Be2 Ra3 52. Kf3 Bd4 53. Rc7 Rxa2 54. Rxh7 Ra8 55. Re7+ Kd6 56. Rh7 Re8 57. Bf1 Ke5 58. h4 Rd8 59. Rh5 Kf6 60. Bh3 Rd5 61. Rxf5+ 1/2-1/2

[Event "CAN-ch"]
[Site "Montreal CAN"]
[Date "2012.08.08"]
[Round "6"]
[White "Carrier, Claude"]
[Black "Hamilton, Robert"]
[Result "0-1"]
[WhiteElo "2154"]
[BlackElo "2305"]
[PlyCount "58"]
[GameId "2160767909441714"]
[EventDate "2012.08.04"]
[EventType "swiss"]
[EventRounds "9"]
[EventCountry "CAN"]
[SourceTitle "CBM 149 Extra"]
[Source "ChessBase"]
[SourceDate "2012.08.24"]
[SourceVersion "1"]
[SourceVersionDate "2012.08.24"]
[SourceQuality "1"]

1. e4 c5 2. Nf3 Nc6 3. d4 cxd4 4. Nxd4 Nf6 5. Nc3 Qb6 6. Nb3 e6 7. Be3 Qc7 8. f4 d6 9. Be2 a6 10. Bf3 b5 11. a4 b4 12. Na2 Bb7 13. O-O Be7 14. Qd2 O-O 15. c3 bxc3 16. bxc3 Rab8 17. Rfe1 Rfc8 18. Rac1 Na5 19. Nxa5 Qxa5 20. Ba7 Ra8 21. Qd4 Nd7 22. Rb1 Bc6 23. Nb4 Bxa4 24. Ra1 Nc5 25. Bxc5 dxc5 26. Nc6 Bxc6 27. Qxg7+ Kxg7 28. Rxa5 c4 29. Rb1 Bb5 0-1